<?xml version="1.0" encoding="UTF-8"?>
<record
    xmlns:xsi="http://www.w3.org/2001/XMLSchema-instance"
    xsi:schemaLocation="http://www.loc.gov/MARC21/slim http://www.loc.gov/standards/marcxml/schema/MARC21slim.xsd"
    xmlns="http://www.loc.gov/MARC21/slim">

  <leader>02657cas a2200541   4500</leader>
  <controlfield tag="001">11171742</controlfield>
  <controlfield tag="003">AUA.1</controlfield>
  <controlfield tag="005">20130508154059.0</controlfield>
  <controlfield tag="007">t|</controlfield>
  <controlfield tag="008">731115c19739999kyuqr p       0   a0eng  </controlfield>
  <datafield tag="010" ind1=" " ind2=" ">
    <subfield code="a">   73644873 </subfield>
  </datafield>
  <datafield tag="016" ind1="7" ind2=" ">
    <subfield code="a">011764969</subfield>
    <subfield code="2">Uk</subfield>
  </datafield>
  <datafield tag="022" ind1=" " ind2=" ">
    <subfield code="a">0091-8296</subfield>
    <subfield code="2">1</subfield>
  </datafield>
  <datafield tag="035" ind1=" " ind2=" ">
    <subfield code="a">(OCoLC)ocm01787681 </subfield>
  </datafield>
  <datafield tag="037" ind1=" " ind2=" ">
    <subfield code="b">Lorraine Pellon, Business Manager, P.O. Box 1041, New Canaan, Conn., 06840</subfield>
  </datafield>
  <datafield tag="040" ind1=" " ind2=" ">
    <subfield code="a">DLC</subfield>
    <subfield code="b">eng</subfield>
    <subfield code="c">DLC</subfield>
    <subfield code="d">OCoLC</subfield>
    <subfield code="d">NSDP</subfield>
    <subfield code="d">NST</subfield>
    <subfield code="d">AIP</subfield>
    <subfield code="d">NSDP</subfield>
    <subfield code="d">NST</subfield>
    <subfield code="d">MH</subfield>
    <subfield code="d">OCoLC</subfield>
    <subfield code="d">DLC</subfield>
    <subfield code="d">OCoLC</subfield>
    <subfield code="d">ATLA</subfield>
    <subfield code="d">OCoLC</subfield>
    <subfield code="d">CaQQL</subfield>
    <subfield code="d">ZP2</subfield>
    <subfield code="d">OCoLC</subfield>
    <subfield code="d">UKMGB</subfield>
    <subfield code="d">UkLSOA</subfield>
    <subfield code="d">OCoLC</subfield>
    <subfield code="d">DLC</subfield>
  </datafield>
  <datafield tag="042" ind1=" " ind2=" ">
    <subfield code="a">pcc</subfield>
    <subfield code="a">nsdp</subfield>
  </datafield>
  <datafield tag="050" ind1="0" ind2="0">
    <subfield code="a">BV2000</subfield>
    <subfield code="b">.M55</subfield>
  </datafield>
  <datafield tag="082" ind1="0" ind2="4">
    <subfield code="a">266/.007</subfield>
  </datafield>
  <datafield tag="210" ind1="0" ind2=" ">
    <subfield code="a">Missiology</subfield>
  </datafield>
  <datafield tag="222" ind1=" " ind2="0">
    <subfield code="a">Missiology: An International Review</subfield>
  </datafield>
  <datafield tag="245" ind1="0" ind2="0">
    <subfield code="a">Missiology.</subfield>
  </datafield>
  <datafield tag="260" ind1=" " ind2=" ">
    <subfield code="a">[Wilmore, Ky, etc.,</subfield>
    <subfield code="b">American Society of Missiology]</subfield>
    <subfield code="c">2004</subfield>
  </datafield>
  <datafield tag="300" ind1=" " ind2=" ">
    <subfield code="a">v.</subfield>
    <subfield code="b">ill.</subfield>
    <subfield code="c">23 cm.</subfield>
  </datafield>
  <datafield tag="310" ind1=" " ind2=" ">
    <subfield code="a">Quarterly</subfield>
  </datafield>
  <datafield tag="362" ind1="0" ind2=" ">
    <subfield code="a">Jan 2004</subfield>
  </datafield>
  <datafield tag="440" ind1=" " ind2=" ">
    <subfield code="a">Missiology.</subfield>
    <subfield code="v">Vol.32, No.1</subfield>
    <subfield code="9">34964</subfield>
  </datafield>
  <datafield tag="500" ind1=" " ind2=" ">
    <subfield code="a">"An international review."</subfield>
  </datafield>
  <datafield tag="500" ind1=" " ind2=" ">
    <subfield code="a">Vols. for &lt;Jan. 2013- &gt; published for the American Society of Missiology by Sage Publications.</subfield>
  </datafield>
  <datafield tag="500" ind1=" " ind2=" ">
    <subfield code="a">Articles:
The missiological perspective: what does it mean to do theology missiologically?
&#x201C;Oh, deep in my heart, I do believe&#x2026;&#x201D; Elements of a missionary spirituality for redressing racism;
Dangerous memories, daring documents, and the demands of discipleship: the Christian church, racism, and racial justice;
The dynamics and dismantling of white missionary privilege;
The hidden issues of equality and outreach in the Chinese immigrant experience;
God&#x2019;s creative mission for lay professionals;
Racism, restorative justice, and restoration;
</subfield>
  </datafield>
  <datafield tag="530" ind1=" " ind2=" ">
    <subfield code="a">Also issued in online ed.</subfield>
  </datafield>
  <datafield tag="590" ind1=" " ind2=" ">
    <subfield code="a">SERBIB/SERLOC merged record</subfield>
  </datafield>
  <datafield tag="610" ind1="2" ind2="4">
    <subfield code="a">American Society of Missiology.</subfield>
    <subfield code="v">Periodicals.</subfield>
    <subfield code="9">34965</subfield>
  </datafield>
  <datafield tag="650" ind1=" " ind2="0">
    <subfield code="a">Missions</subfield>
    <subfield code="v">Periodicals.</subfield>
    <subfield code="9">34966</subfield>
  </datafield>
  <datafield tag="650" ind1=" " ind2="6">
    <subfield code="a">Missiologie</subfield>
    <subfield code="v">P&#xE9;riodiques.</subfield>
    <subfield code="9">34967</subfield>
  </datafield>
  <datafield tag="650" ind1=" " ind2="6">
    <subfield code="a">Missions</subfield>
    <subfield code="v">P&#xE9;riodiques.</subfield>
    <subfield code="9">34968</subfield>
  </datafield>
  <datafield tag="700" ind1=" " ind2=" ">
    <subfield code="a">Terry C. Muck</subfield>
    <subfield code="e">Editor</subfield>
    <subfield code="9">34969</subfield>
  </datafield>
  <datafield tag="710" ind1="2" ind2=" ">
    <subfield code="a">American Society of Missiology.</subfield>
    <subfield code="9">34970</subfield>
  </datafield>
  <datafield tag="776" ind1="1" ind2=" ">
    <subfield code="t">Missiology (Online)</subfield>
    <subfield code="w">(DLC)  2004221990</subfield>
    <subfield code="w">(OCoLC)57346936</subfield>
  </datafield>
  <datafield tag="776" ind1="0" ind2="8">
    <subfield code="i">Online version:</subfield>
    <subfield code="t">Missiology</subfield>
    <subfield code="w">(OCoLC)759933613</subfield>
  </datafield>
  <datafield tag="780" ind1="0" ind2="2">
    <subfield code="t">Practical anthropology</subfield>
    <subfield code="x">0032-633X</subfield>
    <subfield code="w">(DLC)   63038045</subfield>
    <subfield code="w">(OCoLC)1762756</subfield>
  </datafield>
  <datafield tag="942" ind1=" " ind2=" ">
    <subfield code="2">lcc</subfield>
    <subfield code="c">PER</subfield>
    <subfield code="h">BV2000</subfield>
    <subfield code="i">.M55 2004</subfield>
  </datafield>
  <datafield tag="999" ind1=" " ind2=" ">
    <subfield code="c">9917</subfield>
    <subfield code="d">9917</subfield>
  </datafield>
  <datafield tag="952" ind1=" " ind2=" ">
    <subfield code="0">0</subfield>
    <subfield code="1">0</subfield>
    <subfield code="2">lcc</subfield>
    <subfield code="4">0</subfield>
    <subfield code="7">0</subfield>
    <subfield code="a">AUA.1</subfield>
    <subfield code="b">AUA.1</subfield>
    <subfield code="c">PER</subfield>
    <subfield code="d">2013-05-08</subfield>
    <subfield code="l">0</subfield>
    <subfield code="o">BV2000 .M55 2004</subfield>
    <subfield code="r">2013-05-08 00:00:00</subfield>
    <subfield code="w">2013-05-08</subfield>
    <subfield code="y">PER</subfield>
  </datafield>
</record>
